The NFL's Most Memorable Numbers Quiz Stats

 Plays Quiz Updated Dec 22, 2017

Score 0/18 Timer 05:00
7 Plays Today
Question Answer Wrong Answers
The jersey number worn by Tom Brady, Terry Bradshaw, Joe Namath, and Roger Staubach. 12
91.3%
8
4.7%
15
1.5%
The season in which the Miami Dolphins went 17-0. 1972
80.8%
1976
13.9%
1981
5.2%
The Buffalo Bills' record for consecutive Super Bowl losses. 4
79.6%
3
12.8%
5
4.6%
Michael Strahan's record for most sacks in a season. 22.5
72.2%
19.5
8.9%
21
14.6%
Eric Dickerson's single-season rushing yardage record. 2,105
71%
1,922
5%
2,008
20.2%
Peyton Manning's single-season passing TD record. 55
69%
48
9.6%
61
15.9%
Most consecutive team losses (by the 1976-77 Tampa Bay Buccaneers). 26
66.8%
20
15.4%
31
13.1%
Norm Van Brocklin's record for single-game passing yardage. 554
66%
487
6.7%
503
19.8%
Jerry Rice's career totals in receptions, receiving yards, and receiving TDs (all of which are records). 1,549 rec, 22,895 yds, 197 TDs
61.8%
1,019 rec, 18,201 yds, 144 TDs
7.6%
1,301 rec, 19,777 yds, 158 TDs
24.1%
Most sacks in a single game (by Derrick Thomas, 1990). 7.0
59.7%
9.0
26%
10.5
9.1%
Matt Prater's record for the longest field goal in NFL history. 64 yards
59%
62 yards
9.4%
66 yards
24.4%
Most Super Bowl wins by a single franchise (Pittsburgh Steelers). 6
57.1%
7
28%
8
8.8%
LaDainian Tomlinson's 2006 record for TDs in a season. 31
54.1%
27
24.6%
37
13.6%
Brett Favre's record for consecutive QB starts. 297
50.5%
199
6.8%
256
36.8%
Emmitt Smith's career totals in rushing attempts, yards, and TDs (all of which are records). 4,409 att, 18,355 yds, 164 TDs
48.3%
3,512 att, 15,280 yds, 148 TDs
9.6%
5,838 att, 22,726 yds, 192 TDs
35.1%
Most MVP awards by a single player (Peyton Manning). 5
43.6%
3
15.7%
4
39.8%
Don Shula's record for career coaching wins. 347
38.2%
412
38.9%
560
15.9%
Bruce Smith's record for most career sacks. 200
27.7%
248
47.3%
280
17.2%

You're not logged in!

Compare scores with friends on all Sporcle quizzes.
OR
Log In

You Might Also Like...

Show Comments

Extras

Top Quizzes Today


Score Distribution

Your Account Isn't Verified!

In order to create a playlist on Sporcle, you need to verify the email address you used during registration. Go to your Sporcle Settings to finish the process.

Report this User

Report this user for behavior that violates our Community Guidelines.

Details: